[Event "AUTO-OPEN-4561"]
[Site "http://www.queenalice.com/game.php?id=1847836"]
[Date "2024.11.26"]
[Round "1"]
[White "peonaislado"]
[Black "Magnaroc"]
[Result "0-1"]
[WhiteElo "1799"]
[BlackElo "1794"]

1. d4 e6 2. c4 Bb4+ 3. Bd2 Be7 4. Nf3 Nf6 5. e3 O-O 6. Nc3 a6 7. Bd3 b6 8. O-O
Bb7 9. h3 Bb4 10. Ne4 Bxd2 11. Qxd2 Nxe4 12. Bxe4 Bxe4 13. h4 Bxf3 14. gxf3 Qxh4
15. f4 f5 16. f3 Rf6 17. Rf2 Rh6 18. Rh2 Qg3+ 19. Qg2 Qxg2+ 20. Rxg2 Rg6 21. Kf2
Rxg2+ 22. Kxg2 Nc6 23. Kg3 Ne7 24. e4 fxe4 25. fxe4 d5 26. cxd5 exd5 27. exd5
Nxd5 28. Rc1 Re8 29. Kg4 Re4 30. Rd1 Ne3+ 31. Kf3 Nxd1 32. Kxe4 Nxb2 33. d5 Kf7
34. Ke5 Nd3+ 35. Kf5 Nxf4 36. Kxf4 Ke7 37. Ke5 h5 38. Kf4 h4 39. Kg4 g5 40. Kxg5
h3 0-1

[Event "AUTO-OPEN-4565"]
[Site "http://www.queenalice.com/game.php?id=1848976"]
[Date "2024.12.18"]
[Round "1"]
[White "TammieM3ENF"]
[Black "peonaislado"]
[Result "0-1"]
[WhiteElo "1142"]
[BlackElo "1831"]

1. d4 d5 2. Nc3 Nf6 3. Nf3 Nc6 4. e4 Bg4 5. Bd2 Nxd4 6. b4 e5 7. exd5 Nxd5 8.
Nxd5 Qxd5 9. a4 e4 10. b5 exf3 11. h3 fxg2 12. Rh2 Nf3+ 13. Ke2 Nxh2+ 14. hxg4
Qf3+ 15. Ke1 gxf1=Q# 0-1

[Event "AUTO-OPEN-4565"]
[Site "http://www.queenalice.com/game.php?id=1848977"]
[Date "2024.12.18"]
[Round "1"]
[White "peonaislado"]
[Black "TammieM3ENF"]
[Result "1-0"]
[WhiteElo "1829"]
[BlackElo "1144"]

1. d4 d5 2. c4 dxc4 3. Nf3 Nf6 4. Nc3 c5 5. dxc5 b5 6. Nxb5 c3 7. b4 Bf5 8. Nxc3
Nc6 9. Qa4 g5 10. Bxg5 Rb8 11. Qxc6+ Nd7 12. Rd1 Rxb4 13. Ne5 Bc2 14. Rxd7 Qxd7
15. Qxd7# 1-0

[Event "AUTO-OPEN-4565"]
[Site "http://www.queenalice.com/game.php?id=1849004"]
[Date "2024.12.18"]
[Round "1"]
[White "peonaislado"]
[Black "game"]
[Result "0-1"]
[WhiteElo "1814"]
[BlackElo "1631"]

1. d4 d5 2. c4 e6 3. Nf3 Nc6 4. Nc3 Nb4 5. e3 e5 6. Nxe5 Bf5 7. g4 Nc2+ 8. Ke2
Nxa1 9. gxf5 dxc4 10. Qa4+ c6 11. Qxc4 Nh6 12. e4 Qf6 13. Bg5 Qxg5 14. d5 Qc1
15. dxc6 Qxb2+ 16. Kd3 Rd8+ 17. Nd7 Rc8 18. f6 Rxc6 19. Qa4 Qxc3+ 20. Ke2 Kxd7
21. Qd1+ Rd6 22. Qa4+ Ke6 23. Qe8+ Kxf6 24. e5+ Qxe5+ 0-1

[Event "AUTO-OPEN-4565"]
[Site "http://www.queenalice.com/game.php?id=1849005"]
[Date "2024.12.18"]
[Round "1"]
[White "game"]
[Black "peonaislado"]
[Result "1-0"]
[WhiteElo "1557"]
[BlackElo "1849"]

1. d4 d5 2. Nf3 Nf6 3. Bg5 e6 4. Ne5 Be7 5. e3 Nc6 6. Bb5 Bd7 7. h4 h6 8. Bf4
O-O 9. Bg5 hxg5 10. hxg5 Ne4 11. Qh5 1-0

[Event "AUTO-OPEN-4565"]
[Site "http://www.queenalice.com/game.php?id=1849006"]
[Date "2024.12.18"]
[Round "1"]
[White "peonaislado"]
[Black "SGF"]
[Result "0-1"]
[WhiteElo "1833"]
[BlackElo "1769"]

1. d4 e6 2. e4 Qf6 3. Nf3 Be7 4. e5 Qg6 5. Bd3 Qxg2 6. Rg1 Qh3 7. Rxg7 b6 8. Rg3
Qh5 9. Nc3 c6 10. Qe2 h6 11. Be3 Bb4 12. Bd2 Bb7 13. O-O-O a5 14. a3 Bxc3 15.
Bxc3 c5 16. d5 Bxd5 17. Be4 Bxe4 18. Qxe4 Nc6 19. Qd3 Rd8 20. Qxd7+ Rxd7 0-1

[Event "AUTO-OPEN-4565"]
[Site "http://www.queenalice.com/game.php?id=1849007"]
[Date "2024.12.18"]
[Round "1"]
[White "SGF"]
[Black "peonaislado"]
[Result "0-1"]
[WhiteElo "1810"]
[BlackElo "1791"]

1. e4 e5 2. Qf3 Nf6 3. d3 d6 4. Be2 Nc6 5. c3 Bg4 6. Qg3 Qd7 7. Bxg4 Nxg4 8. h3
Nf6 9. b4 a6 10. a4 Be7 11. Rh2 O-O 12. Bh6 g6 13. Bxf8 Rxf8 14. h4 Nh5 15. Qh3
f5 16. Nd2 Qd8 17. g4 Nf4 18. Qg3 d5 19. b5 d4 20. bxc6 dxc3 21. gxf5 cxd2+ 22.
Kxd2 Qd4 23. Rc1 Bb4+ 24. Kd1 Qb2 25. fxg6 Qd2# 0-1

[Event "AUTO-ADV-4836"]
[Site "http://www.queenalice.com/game.php?id=1849683"]
[Date "2025.1.2"]
[Round "1"]
[White "SGF"]
[Black "peonaislado"]
[Result "0-1"]
[WhiteElo "1799"]
[BlackElo "1784"]

1. e4 c5 2. Qf3 Nc6 3. c3 e6 4. d3 d5 5. Be2 Nf6 6. Bg5 Qb6 7. b3 Qd8 8. a4 Be7
9. h4 h6 10. Bxf6 Bxf6 11. exd5 exd5 12. Kd2 Qa5 13. Qxd5 Be6 14. b4 Nxb4 15.
Qxb7 O-O 16. cxb4 cxb4 17. Nf3 b3+ 18. Ke3 Rae8 19. Kf4 g5+ 20. hxg5 hxg5+ 21.
Kg3 Be5+ 22. Nxe5 Qxe5+ 23. f4 Qxf4# 0-1

[Event "AUTO-ADV-4836"]
[Site "http://www.queenalice.com/game.php?id=1849684"]
[Date "2025.1.2"]
[Round "1"]
[White "peonaislado"]
[Black "SGF"]
[Result "1-0"]
[WhiteElo "1801"]
[BlackElo "1661"]

1. e4 e5 2. Nf3 Qf6 3. Nc3 c6 4. d4 d6 5. Bg5 Qg6 6. dxe5 h6 7. Bh4 Be7 8. exd6
Bxd6 9. Qd2 Nd7 10. O-O-O Ne5 11. Nxe5 Qe6 12. f4 Nf6 13. Bc4 Qe7 14. Qxd6 Qxd6
15. Rxd6 Ke7 16. Rhd1 g5 17. Nxf7 Rh7 18. Bg3 Ne8 19. Rd8 Rxf7 20. Bxf7 Kxf7 21.
fxg5 hxg5 22. Bd6 Nxd6 23. R1xd6 Ke7 24. e5 b5 25. Ne4 g4 26. Rh8 Kf7 27. Rh7+
Kg8 28. Nf6+ Kf8 29. Rd8# 1-0

[Event "AUTO-ADV-4836"]
[Site "http://www.queenalice.com/game.php?id=1849697"]
[Date "2025.1.2"]
[Round "1"]
[White "matamuff"]
[Black "peonaislado"]
[Result "1-0"]
[WhiteElo "1921"]
[BlackElo "1771"]

1. Na3 e5 2. Nc4 d6 3. e4 Nf6 4. d3 h6 5. h3 Nc6 6. Nf3 Be6 7. Ne3 Be7 8. Be2
O-O 9. O-O Nd4 10. c3 Nxf3+ 11. Bxf3 c6 12. Bg4 Nxg4 13. Nxg4 h5 14. Nh2 Qc8 15.
Qf3 f5 16. Qxh5 fxe4 17. dxe4 Qe8 18. Qxe8 Raxe8 19. Nf3 a5 20. Ng5 Bc4 21. Re1
d5 22. Be3 dxe4 23. Nxe4 b5 24. b3 Bd5 25. Nc5 Rf5 26. Nd3 e4 27. Nf4 Bf7 28.
Bd4 c5 29. Be3 Bg5 30. g3 Bf6 31. Rac1 a4 32. Bxc5 Rxc5 33. bxa4 bxa4 34. Rc2
Bxc3 35. Rec1 Rec8 36. Ne2 Bxa2 37. Rxa2 Rc4 38. Nxc3 Rxc3 39. Rxc3 Rxc3 40.
Rxa4 Rc1+ 41. Kg2 Re1 42. h4 Kh7 43. Ra3 Kh6 44. g4 g5 45. Ra6+ Kg7 46. hxg5 Rd1
47. Re6 Re1 48. Ra6 Rd1 49. Re6 Re1 50. Kg3 Rg1+ 51. Kf4 Re1 52. Rxe4 Rxe4+ 53.
Kxe4 Kg6 54. f4 Kg7 55. f5 Kf7 56. Kd5 Ke7 57. Ke5 Kf7 58. Kd6 Kg7 59. Ke7 Kg8
60. f6 Kh8 61. f7 Kh7 62. f8=Q 1-0

[Event "AUTO-ADV-4836"]
[Site "http://www.queenalice.com/game.php?id=1849698"]
[Date "2025.1.2"]
[Round "1"]
[White "peonaislado"]
[Black "matamuff"]
[Result "0-1"]
[WhiteElo "1834"]
[BlackElo "1912"]

1. d4 d6 2. e4 g6 3. Nc3 Bg7 4. Nf3 a6 5. Bc4 e6 6. Bf4 Ne7 7. O-O Nd7 8. d5 e5
9. Bg5 h6 10. Be3 b5 11. Bb3 Nf6 12. h3 O-O 13. Qd2 Kh7 14. a3 Neg8 15. Rfe1 Bd7
16. Ba2 Qc8 17. Kh2 Nh5 18. Nh4 Bf6 19. g3 Bxh4 20. Bxh6 Nxh6 21. gxh4 Bxh3 22.
Rg1 Nf4 23. Nd1 Qd8 24. Rg5 Qd7 25. Ne3 Ng4+ 26. Nxg4 Bxg4 27. Rg1 Bh5 28. Qe3
Rg8 29. R1g3 f6 30. Rxh5+ Nxh5 31. Rg2 Raf8 32. c4 f5 33. Qg5 Qd8 34. Qxd8 Rxd8
35. exf5 Nf4 36. fxg6+ Nxg6 37. Bb1 Kh6 38. Kh3 Nf4+ 0-1

[Event "AUTO-ADV-4836"]
[Site "http://www.queenalice.com/game.php?id=1849707"]
[Date "2025.1.2"]
[Round "1"]
[White "peonaislado"]
[Black "altair"]
[Result "0-1"]
[WhiteElo "1801"]
[BlackElo "1735"]

1. d4 d5 2. c4 c6 3. Nf3 h6 4. Nc3 Nf6 5. e3 e6 6. Bd3 Be7 7. O-O O-O 8. e4 Bb4
9. exd5 cxd5 10. Ne5 Nbd7 11. Ng4 b6 12. Bd2 Ba6 13. a3 Bd6 14. b3 dxc4 15. bxc4
Rc8 16. Ne5 Bxe5 17. dxe5 Nxe5 18. Qa4 Bxc4 19. Rfe1 Nxd3 20. Red1 Nb2 21. Qxa7
Nxd1 22. Rxd1 Bb3 23. Rb1 Bc2 0-1

[Event "AUTO-ADV-4836"]
[Site "http://www.queenalice.com/game.php?id=1849708"]
[Date "2025.1.2"]
[Round "1"]
[White "altair"]
[Black "peonaislado"]
[Result "1-0"]
[WhiteElo "1715"]
[BlackElo "1821"]

1. e4 c5 2. d3 Nc6 3. a3 Nf6 4. Nc3 e5 5. Nf3 d6 6. h3 Be7 7. Be2 O-O 8. O-O b6
9. Bd2 Nd4 10. Nd5 Nxd5 11. exd5 Bb7 12. c4 a6 13. b4 b5 14. Nxd4 cxd4 15. c5
dxc5 16. bxc5 Qxd5 17. Bf3 Qd7 18. Rc1 Bc6 19. Bxc6 Qxc6 20. Re1 f6 21. f4 a5
22. fxe5 Bxc5 23. e6 Bxa3 24. Rxc6 1-0

[Event "AUTO-OPEN-4573"]
[Site "http://www.queenalice.com/game.php?id=1851400"]
[Date "2025.2.1"]
[Round "1"]
[White "maurice916"]
[Black "peonaislado"]
[Result "1-0"]
[WhiteElo "1971"]
[BlackElo "1791"]

1. Nf3 d6 2. b3 Nf6 3. Bb2 g6 4. e3 Bg4 5. Be2 Bg7 6. O-O O-O 7. d4 Nc6 8. c4
Qd7 9. Nbd2 Bf5 10. d5 Nb4 11. a3 Nd3 12. Bc3 Ng4 13. Bxg7 Kxg7 14. e4 Ngxf2 15.
Rxf2 Nxf2 16. Kxf2 Bg4 17. Qc2 e5 18. h3 Bxf3 19. Bxf3 f5 20. exf5 Rxf5 21. Kg1
Rc8 22. Bg4 Qf7 23. Ne4 h5 24. Bxf5 Qxf5 25. Rf1 Qd7 26. Ng5 h4 27. Rf7+ Qxf7
28. Nxf7 Kxf7 29. Qf2+ Kg7 30. Qxh4 Re8 31. Qg4 Re7 32. Qc8 e4 33. Qxb7 Rf7 34.
Qxa7 e3 35. Qxe3 1-0

[Event "AUTO-OPEN-4573"]
[Site "http://www.queenalice.com/game.php?id=1851401"]
[Date "2025.2.1"]
[Round "1"]
[White "peonaislado"]
[Black "maurice916"]
[Result "0-1"]
[WhiteElo "1780"]
[BlackElo "1961"]

1. d4 d5 2. c4 c6 3. Nf3 Nf6 4. Nc3 e6 5. e3 dxc4 6. Bxc4 b5 7. Bd3 Bb7 8. O-O
a6 9. Ne4 Nbd7 10. Nxf6+ gxf6 11. b3 Rg8 12. Bxh7 Rg7 13. Bd3 Qc7 14. Rb1 O-O-O
15. Bd2 Kb8 16. a4 Bd6 17. Qe1 Rh8 18. g3 Nb6 19. Ba5 Ka7 20. Rc1 Qe7 21. Be2 e5
22. e4 Na8 23. b4 exd4 24. Nxd4 Qxe4 25. Nf3 f5 26. Qc3 f4 27. Qxg7 Rxh2 28.
Kxh2 fxg3+ 29. Kg2 Qxe2 30. Qd4+ c5 31. bxc5 Qxf3+ 32. Kh3 g2+ 33. Kh4 Be7+ 0-1

[Event "AUTO-OPEN-4573"]
[Site "http://www.queenalice.com/game.php?id=1851416"]
[Date "2025.2.1"]
[Round "1"]
[White "dosoldini"]
[Black "peonaislado"]
[Result "0-1"]
[WhiteElo "1593"]
[BlackElo "1783"]

1. e4 e5 2. Nf3 Nc6 3. Bc4 Nf6 4. Ng5 d5 5. Bd3 h6 6. exd5 Qxd5 7. f3 hxg5 8.
Nc3 Qd6 9. Ne4 Nxe4 10. Bxe4 Bd7 11. c3 g6 12. Qb3 b6 13. O-O O-O-O 14. d3 g4
15. Qc4 Be6 16. Qxc6 Qxc6 17. Bxc6 Rxd3 18. Be4 Bc5+ 19. Kh1 Rdd8 20. Bg5 Rdf8
21. f4 g3 22. h3 f6 23. f5 gxf5 24. Bxf5 Bxf5 25. Rxf5 fxg5 26. Rxg5 Bf2 27.
Rxe5 Rd8 28. b4 Rd2 0-1

[Event "AUTO-OPEN-4573"]
[Site "http://www.queenalice.com/game.php?id=1851417"]
[Date "2025.2.1"]
[Round "1"]
[White "peonaislado"]
[Black "dosoldini"]
[Result "1-0"]
[WhiteElo "1828"]
[BlackElo "1568"]

1. d4 d5 2. c4 dxc4 3. Nf3 Bf5 4. Nc3 Nf6 5. e3 Be6 6. Qa4+ Bd7 7. Qxc4 b5 8.
Nxb5 Na6 9. Ne5 e6 10. b3 Nd5 11. e4 Nb6 12. Qd3 Nb4 13. Qd2 Bxb5 14. Bxb5+ Ke7
15. Qxb4+ Kf6 16. Ng4+ Kg6 17. Ne5+ 1-0

[Event "AUTO-OPEN-4581"]
[Site "http://www.queenalice.com/game.php?id=1853740"]
[Date "2025.3.12"]
[Round "1"]
[White "beteljeuxe"]
[Black "peonaislado"]
[Result "1-0"]
[WhiteElo "2458"]
[BlackElo "1782"]

1. e4 c5 2. Nf3 d6 3. d4 Bg4 4. dxc5 dxc5 5. Qxd8+ Kxd8 6. Ne5 Nh6 7. Bxh6 gxh6
8. Nxg4 Nc6 9. Nc3 h5 10. Rd1+ Nd4 11. Ne5 Ke8 12. Bb5+ Kd8 13. Nxf7+ Kc7 14.
Rxd4 cxd4 15. Nd5+ Kc8 16. Nxh8 1-0

[Event "AUTO-OPEN-4581"]
[Site "http://www.queenalice.com/game.php?id=1853741"]
[Date "2025.3.12"]
[Round "1"]
[White "peonaislado"]
[Black "beteljeuxe"]
[Result "0-1"]
[WhiteElo "1770"]
[BlackElo "2480"]

1. d4 Nf6 2. c4 e6 3. Nf3 b6 4. g3 Ba6 5. e3 d5 6. b3 c5 7. Nc3 Nc6 8. Bd3 cxd4
9. Nxd4 Nxd4 10. exd4 Bb4 11. Bd2 dxc4 12. bxc4 Qxd4 13. Qa4+ Nd7 14. O-O Bxc3
15. Bxc3 Qxc3 16. Rfd1 Qa5 17. Qc2 Ne5 18. Be4 Rc8 19. Bxh7 Rxc4 0-1

[Event "AUTO-OPEN-4581"]
[Site "http://www.queenalice.com/game.php?id=1853768"]
[Date "2025.3.12"]
[Round "1"]
[White "game"]
[Black "peonaislado"]
[Result "0-1"]
[WhiteElo "1465"]
[BlackElo "1766"]

1. e4 c5 2. Bc4 e6 3. Nf3 Nc6 4. d4 cxd4 5. Nxd4 Nxd4 6. Qxd4 Nf6 7. O-O b6 8.
Bb5 Bc5 9. Qc4 O-O 10. Nc3 d5 11. Qd3 dxe4 12. Qxd8 Rxd8 13. Bc6 Ba6 14. Bxa8
Bxf1 15. Be3 Rxa8 16. Kxf1 Ng4 17. Nxe4 Nxe3+ 18. fxe3 Bxe3 19. Re1 Bh6 20. Nd6
Rd8 21. Nb7 Rd2 22. Rc1 Rd7 23. Re1 Rxb7 24. Rd1 Rb8 25. Rd7 a5 26. c4 g5 27. a4
g4 28. g3 Kg7 29. Kf2 Kf6 30. Kg2 Bf8 31. Rd4 Bc5 32. Rxg4 Rd8 33. Rh4 Rd2+ 34.
Kh3 Rxb2 35. g4 Bd6 36. Rh6+ Kg5 37. Rh5+ Kg6 38. Kh4 Rxh2# 0-1

[Event "AUTO-OPEN-4581"]
[Site "http://www.queenalice.com/game.php?id=1853769"]
[Date "2025.3.12"]
[Round "1"]
[White "peonaislado"]
[Black "game"]
[Result "1-0"]
[WhiteElo "1761"]
[BlackElo "1489"]

1. d4 d5 2. c4 Bf5 3. Nf3 dxc4 4. Nc3 e5 5. e4 Bg4 6. Be2 Nc6 7. h3 Be6 8. d5
Nd4 9. dxe6 fxe6 10. Qa4+ Qd7 11. Qxc4 Nc2+ 12. Kf1 Nxa1 13. Nxe5 Qd6 14. Bf4
Rd8 15. Qb5+ Ke7 16. Nd5+ exd5 17. exd5 Nf6 18. Ng6+ hxg6 19. Bxd6+ Rxd6 20.
Qxb7 Nc2 21. Qxc7+ Nd7 22. Qxc2 Nb6 23. Qe4+ Kd7 24. Bb5+ Kc7 25. Ke2 Nxd5 26.
Rc1+ Kb7 27. Bc4 Be7 28. Bxd5+ Ka6 29. Qc4+ Ka5 30. b4+ Ka4 31. Bc6+ Ka3 32.
Qb3# 1-0

[Event "Challenge"]
[Site "http://www.queenalice.com/game.php?id=1854792"]
[Date "2025.4.1"]
[Round "-"]
[White "Leanne"]
[Black "peonaislado"]
[Result "0-1"]
[WhiteElo "1326"]
[BlackElo "1779"]

1. e4 e5 2. g3 Nf6 3. Bg2 b6 4. d3 Bc5 5. Qe2 Nc6 6. Nh3 Nd4 7. Qd2 Bb7 8. O-O
O-O 9. Nc3 d6 10. Nd5 Nxd5 11. exd5 a5 12. c3 Nf5 13. d4 exd4 14. cxd4 Nxd4 15.
Qd3 Re8 16. Be3 Ba6 17. Qd2 Bxf1 18. Kxf1 Bb4 19. Qxd4 Bc5 20. Qd3 h6 0-1

[Event "AUTO-OPEN-4585"]
[Site "http://www.queenalice.com/game.php?id=1854919"]
[Date "2025.4.2"]
[Round "1"]
[White "peonaislado"]
[Black "bdpq"]
[Result "1-0"]
[WhiteElo "1768"]
[BlackElo "1648"]

1. d4 d5 2. c4 dxc4 3. Nf3 Be6 4. Nc3 Nc6 5. e4 Qd7 6. d5 Bg4 7. dxc6 Qxc6 8.
Be2 b5 9. O-O e6 10. Ne5 Bxe2 11. Qxe2 Qb7 12. Bf4 Bb4 13. Rad1 Ne7 14. Qg4 h5
15. Qxg7 Rg8 16. Qxf7# 1-0